000 00617nam a22001817a 4500
005 20251108172502.0
008 250721s9999 xx 000 0 ara d
082 1 4 _a345.05ألف
100 1 _aألفي، محمد عبدالحميد
245 1 0 _aدفع بالسقوط في قانون الإجراءات الجنائية ... /
264 1 _aالإسكندرية :
_bدار المطبوعات الجامعية،
300 _a309 ص
650 1 7 _aالقانون الجنائي
650 1 7 _aالإجراءات الجنائية
650 1 7 _aمحاكم الإستئناف
942 _2ddc
_cBK
999 _c80566
_d80566